000 00518nam 22001813 4500
001 201936
010 _a972-42-2331-0
021 _b154286/00
090 _a201936
100 _a20260423d u||y0pory50 ba
200 _aSimisola
_fRuth Rendell
_gtradução de Maria Emília Ferros Moura
210 _aLisboa
_cCírculo de Leitores
_d2000
215 _a392 p.
_cEncadernado
_d20 cm
606 _916
_aLiteratura Americana
675 _a821.134.3-3
_vPT
_zpor
801 _aPT
_bBMMN
_gRPC
830 _cFernando
_fFernando
990 _cLIVROS